[Event "4NCL Division Four"]
[Site "Daventry, ENG"]
[Date "2022.11.05"]
[Round "1.34"]
[White "Fraser, Chris"]
[Black "Richmond, Peter"]
[Result "0-1"]
[WhiteElo "1551"]
[BlackElo "2013"]
[PlyCount "80"]
[EventDate "2022.11.05"]
[WhiteTeam "Ashfield 3"]
[BlackTeam "The Full Ponty"]

1. e4 c5 2. Nc3 e6 3. Nf3 Nf6 4. d4 d5 5. Bb5+ Nc6 6. exd5 Nxd5 7. O-O Nxc3 8.
bxc3 Bd7 9. d5 exd5 10. Qxd5 Be7 11. Rd1 a6 12. Be2 Be6 13. Qe4 Qa5 14. Bd2 O-O
15. Bd3 g6 16. h4 Rfe8 17. Qf4 Rac8 18. h5 Qc7 19. hxg6 fxg6 20. Re1 Qxf4 21.
Bxf4 Bd5 22. Be4 Bxe4 23. Rxe4 Bf6 24. Rae1 Rxe4 25. Rxe4 Bxc3 26. Rc4 Bd4 27.
Nxd4 Nxd4 28. Be3 b5 29. Rxd4 cxd4 30. Bxd4 Rxc2 31. a3 Kf7 32. g3 Ke6 33. Kg2
Kd5 34. Bg7 g5 35. Bf8 a5 36. Kf3 Kc4 37. Ke3 b4 38. axb4 axb4 39. Bh6 g4 40.
Bg7 Rc3+ 0-1

[Event "4NCL Division Four"]
[Site "Daventry, ENG"]
[Date "2022.11.05"]
[Round "1.35"]
[White "Davies, Peter"]
[Black "London, Nick J"]
[Result "1-0"]
[WhiteElo "1888"]
[BlackElo "1585"]
[PlyCount "87"]
[EventDate "2022.11.05"]
[WhiteTeam "The Full Ponty"]
[BlackTeam "Ashfield 3"]

1. e4 c5 2. Nf3 e6 3. c3 d5 4. e5 Nc6 5. d4 Qb6 6. Bd3 Bd7 7. O-O cxd4 8. cxd4
Nxd4 9. Nxd4 Qxd4 10. Nc3 Ne7 11. Nb5 Qxe5 12. Qf3 Bxb5 13. Bxb5+ Nc6 14. Bf4
Qf6 15. Rac1 Rc8 16. Qg3 a6 17. Be5 Qg6 18. Bxc6+ bxc6 19. Qb3 Qg5 20. Qb7 Qd8
21. Rxc6 Rxc6 22. Qxc6+ Qd7 23. Qa8+ Qd8 24. Qxa6 Be7 25. Bxg7 Rg8 26. Rc1 Rxg7
27. Rc8 Rg4 28. g3 Rc4 29. Rxd8+ Bxd8 30. b3 Rc1+ 31. Kg2 Bf6 32. Qd3 Rc3 33.
Qxh7 d4 34. Qh6 Ke7 35. Qd2 e5 36. f3 Kd6 37. g4 Kd5 38. g5 Bg7 39. Qe2 d3 40.
Qe4+ Kd6 41. Qb4+ Rc5 42. Qb6+ Kd5 43. Qd8+ Kc6 44. Qxd3 1-0

[Event "4NCL Division Four"]
[Site "Daventry, ENG"]
[Date "2022.11.05"]
[Round "1.36"]
[White "Pitts, Daniel"]
[Black "Dixon, Chris"]
[Result "1/2-1/2"]
[WhiteElo "1510"]
[BlackElo "1810"]
[PlyCount "64"]
[EventDate "2022.11.05"]
[WhiteTeam "Ashfield 3"]
[BlackTeam "The Full Ponty"]

1. e4 d6 2. d4 Nf6 3. Nc3 g6 4. Be3 Bg7 5. h3 O-O 6. Nf3 a6 7. Be2 b5 8. Nd2
Bb7 9. d5 c5 10. h4 e6 11. Bg5 h6 12. Bxf6 Bxf6 13. h5 g5 14. g3 b4 15. Na4
exd5 16. Bf3 dxe4 17. Nxe4 Re8 18. Qe2 Bxe4 19. Bxe4 d5 20. Nxc5 dxe4 21. Rd1
Qe7 22. Na4 Nd7 23. O-O Qe6 24. f3 Qc6 25. b3 Bg7 26. fxe4 Be5 27. Qf3 Qe6 28.
Rd5 Re7 29. Rd2 Rc8 30. Kg2 Bc3 31. Rd5 Qxe4 32. Qxe4 Rxe4 1/2-1/2

[Event "4NCL Division Four"]
[Site "Daventry, ENG"]
[Date "2022.11.05"]
[Round "1.42"]
[White "Pedersen, Carsten"]
[Black "Rawlinson, Aidan M"]
[Result "0-1"]
[WhiteElo "2100"]
[BlackElo "2218"]
[PlyCount "102"]
[EventDate "2022.11.05"]
[WhiteTeam "Celtic Tigers 2"]
[BlackTeam "Average Wood Pushers A"]

1. e4 g6 2. Nc3 Bg7 3. d4 d6 4. Be2 Nf6 5. h4 c5 6. d5 h5 7. Nf3 Bg4 8. Ng5
Bxe2 9. Qxe2 Nbd7 10. Bd2 a6 11. a4 O-O 12. O-O Ne5 13. a5 Nh7 14. Nxh7 Kxh7
15. g3 Qd7 16. Kg2 e6 17. Bf4 Rfe8 18. Bxe5 Bxe5 19. Qd3 Bxc3 20. bxc3 exd5 21.
exd5 Re7 22. Rfe1 Rae8 23. Rxe7 Rxe7 24. Rb1 Re5 25. Rb6 Qe7 26. c4 Re1 27. Qf3
Kg8 28. Rb3 Kg7 29. Qc3+ Kg8 30. Qf3 Kf8 31. Qf4 Re4 32. Qh6+ Kg8 33. Qg5 Qxg5
34. hxg5 Re7 35. Rb6 Rd7 36. Kf3 Kf8 37. g4 hxg4+ 38. Kxg4 Ke8 39. f4 Kd8 40.
Rb3 Re7 41. Rh3 Kc7 42. Kf3 b6 43. axb6+ Kxb6 44. Rh8 a5 45. Rd8 a4 46. Rxd6+
Ka5 47. Rd8 Ra7 48. Rb8 a3 49. Rb1 Ka4 50. Ke4 Re7+ 51. Kd3 a2 0-1

[Event "4NCL Division Four"]
[Site "Daventry, ENG"]
[Date "2022.11.05"]
[Round "1.43"]
[White "Kay, Lee P"]
[Black "Stevenson, James"]
[Result "1/2-1/2"]
[WhiteElo "2059"]
[BlackElo "1982"]
[PlyCount "51"]
[EventDate "2022.11.05"]
[WhiteTeam "Average Wood Pushers A"]
[BlackTeam "Celtic Tigers 2"]

1. d4 Nf6 2. Bg5 e6 3. e4 h6 4. Bxf6 Qxf6 5. Nc3 d6 6. Nf3 Nd7 7. Qd2 g6 8.
O-O-O Qd8 9. Kb1 Bg7 10. g4 a6 11. Bd3 b5 12. Rhe1 Nb6 13. e5 d5 14. Ne2 Qe7
15. Nf4 Nc4 16. Qc1 Bb7 17. b3 Na3+ 18. Ka1 b4 19. h4 O-O-O 20. c3 a5 21. cxb4
axb4 22. Bf1 Bf8 23. Nd3 Qd7 24. Nc5 Qc6 25. Re3 Qb6 26. Rd2 1/2-1/2

[Event "4NCL Division Four"]
[Site "Daventry, ENG"]
[Date "2022.11.05"]
[Round "1.44"]
[White "Herring, Samuel"]
[Black "Garcia-Ruiz Fuentes, Aitor"]
[Result "1/2-1/2"]
[WhiteElo "1925"]
[BlackElo "2059"]
[PlyCount "143"]
[EventDate "2022.11.05"]
[WhiteTeam "Celtic Tigers 2"]
[BlackTeam "Average Wood Pushers A"]

1. d4 Nf6 2. Nf3 g6 3. g3 Bg7 4. Bg2 O-O 5. O-O d6 6. b3 c5 7. Bb2 Nbd7 8. c4
Ne4 9. Nfd2 Ng5 10. e3 Rb8 11. Qc2 cxd4 12. exd4 Nf6 13. h4 Bf5 14. Qd1 Ne6 15.
Re1 b5 16. cxb5 Rxb5 17. Nc3 Rb4 18. Nc4 Ng4 19. Nd5 Rb5 20. Rc1 h5 21. a4 Rb8
22. b4 Nf6 23. Na5 Nxd5 24. Nc6 Qb6 25. Bxd5 Rbe8 26. a5 Qb5 27. Bg2 a6 28. Qd2
Kh7 29. Bf1 Qb7 30. Qe2 Nc7 31. Bg2 d5 32. Qd2 Bh6 33. f4 e6 34. Ne5 Nb5 35.
Rc5 Nd6 36. Rec1 Rc8 37. Kh2 Be4 38. Bf1 Bf5 39. Bg2 Bg7 40. Qc3 Nb5 41. Qd2
Bf6 42. Bf1 Nd6 43. Rxc8 Rxc8 44. Rxc8 Qxc8 45. Qc3 Qb7 46. Qc5 Nc4 47. Bc3
Bxe5 48. dxe5 Bc2 49. Bd4 Ba4 50. Be2 Bb5 51. Qf8 Qd7 52. f5 Qe8 53. fxg6+ fxg6
54. Qf6 Ne3 55. Bxe3 Bxe2 56. Qf4 Kg8 57. Qd4 Qf8 58. Qb6 Qf7 59. Bg5 Bb5 60.
Bf6 Qd7 61. Qb8+ Qe8 62. Qd6 Qd7 63. Qc5 d4 64. Bg5 d3 65. Qf2 Kg7 66. Qf6+ Kh7
67. Bd2 Bc6 68. Qf8 Qe8 69. Qf4 Kg8 70. Qf6 Qf7 71. Qd8+ Qe8 72. Qxe8+ 1/2-1/2

[Event "4NCL Division Four"]
[Site "Daventry, ENG"]
[Date "2022.11.05"]
[Round "1.45"]
[White "Zhu, Yaoyao"]
[Black "Hoong, Jonathan"]
[Result "1-0"]
[WhiteElo "2014"]
[BlackElo "1719"]
[PlyCount "83"]
[EventDate "2022.11.05"]
[WhiteTeam "Average Wood Pushers A"]
[BlackTeam "Celtic Tigers 2"]

1. e4 g6 2. d4 d6 3. Nc3 Nf6 4. f4 Bg7 5. Nf3 O-O 6. e5 dxe5 7. fxe5 Nd5 8. Ne4
c6 9. c4 Nc7 10. Be2 f6 11. exf6 exf6 12. O-O Re8 13. Bd3 Bg4 14. Kh1 Bxf3 15.
Qxf3 Qxd4 16. Nxf6+ Bxf6 17. Qxf6 Qxf6 18. Rxf6 Nd7 19. Rf1 Nc5 20. Bc2 Re2 21.
Bd1 Re4 22. b4 N5e6 23. Bb3 Nd4 24. Bh6 Nxb3 25. axb3 Rae8 26. Rxa7 Re1 27. Kg1
Rxf1+ 28. Kxf1 Re5 29. Rxb7 Ne6 30. Re7 Rf5+ 31. Ke1 Nd4 32. Rg7+ Kh8 33. Rd7
Re5+ 34. Kd1 Ne6 35. Re7 Kg8 36. Kc1 Re1+ 37. Kb2 Re2+ 38. Kc3 Re4 39. b5 cxb5
40. cxb5 Rh4 41. Rxe6 Kf7 42. Bg5 1-0

[Event "4NCL Division Four"]
[Site "Daventry, ENG"]
[Date "2022.11.05"]
[Round "1.46"]
[White "Sturt, Charles A"]
[Black "Hutchinson, Joel"]
[Result "0-1"]
[WhiteElo "1542"]
[BlackElo "1857"]
[PlyCount "112"]
[EventDate "2022.11.05"]
[WhiteTeam "Celtic Tigers 2"]
[BlackTeam "Average Wood Pushers A"]

1. e4 c5 2. Nf3 e6 3. c3 Nf6 4. e5 Nd5 5. d4 cxd4 6. Nxd4 d6 7. Qh5 g6 8. Bb5+
Bd7 9. Qe2 dxe5 10. Qxe5 Qf6 11. Qxf6 Nxf6 12. O-O Be7 13. Re1 O-O 14. Bh6 Rd8
15. h3 Bxb5 16. Nxb5 Nc6 17. a4 Rd3 18. Nd2 Rad8 19. Nc4 a6 20. Nba3 Bc5 21.
Nc2 Bf8 22. Bxf8 Kxf8 23. Kf1 Ne8 24. Re3 Rxe3 25. N2xe3 Ke7 26. Ke2 Nc7 27. a5
e5 28. Rd1 Rxd1 29. Kxd1 f5 30. b4 Ke6 31. Kd2 h5 32. Nb6 f4 33. Nd1 e4 34. g3
g5 35. Ke2 Nd5 36. Nc4 Na7 37. Nd2 Ke5 38. Nc4+ Ke6 39. Nd2 Kf5 40. g4+ hxg4
41. hxg4+ Ke5 42. Nc4+ Ke6 43. Nd2 Nf6 44. f3 e3 45. Nb3 Nd7 46. Nd4+ Kd5 47.
Nf5 Nb5 48. Kd3 Ne5+ 49. Ke2 Kc4 50. Nfxe3+ fxe3 51. Kxe3 Nxc3 52. Nxc3 Kxc3
53. Ke4 Nxf3 54. Kxf3 Kxb4 55. Ke4 Kxa5 56. Kf5 b5 0-1

[Event "4NCL Division Four"]
[Site "Daventry, ENG"]
[Date "2022.11.05"]
[Round "1.51"]
[White "Smith, Mark"]
[Black "Hijazi, Mulham"]
[Result "1-0"]
[WhiteElo "1902"]
[BlackElo "1842"]
[PlyCount "45"]
[EventDate "2022.11.05"]
[WhiteTeam "Barnet Knights C"]
[BlackTeam "Average Wood Pushers B"]

1. d4 Nf6 2. Bg5 c5 3. d5 b5 4. a4 b4 5. Bxf6 gxf6 6. e4 d6 7. Qh5 Bg7 8. Nf3
O-O 9. Nbd2 Nd7 10. Be2 a5 11. Nh4 e6 12. O-O f5 13. dxe6 fxe6 14. exf5 Nf6 15.
Qg5 e5 16. Rad1 Qc7 17. Qe3 d5 18. Ndf3 e4 19. Ng5 Qe5 20. b3 d4 21. Bc4+ Kh8
22. Qh3 Ra7 23. Ng6# 1-0

[Event "4NCL Division Four"]
[Site "Daventry, ENG"]
[Date "2022.11.05"]
[Round "1.52"]
[White "Herrera, Diego"]
[Black "Bakacsi, Zsolt"]
[Result "0-1"]
[WhiteElo "1820"]
[BlackElo "1857"]
[PlyCount "52"]
[EventDate "2022.11.05"]
[WhiteTeam "Average Wood Pushers B"]
[BlackTeam "Barnet Knights C"]

1. e4 e5 2. Bc4 Nf6 3. d4 exd4 4. Nf3 Nc6 5. e5 d5 6. Bb5 Ne4 7. Nxd4 Bd7 8.
Bxc6 bxc6 9. O-O Bc5 10. Be3 O-O 11. f3 Ng5 12. f4 Ne6 13. f5 Bxd4 14. Bxd4
Nxd4 15. Qxd4 Qg5 16. Qd3 Rfe8 17. e6 fxe6 18. f6 Rf8 19. Nc3 Rxf6 20. Rxf6
Qxf6 21. Rf1 Qg5 22. Qf3 Qe7 23. Re1 Rf8 24. Qe3 Qb4 25. Qd3 Qxb2 26. Re3 Qb6
0-1

[Event "4NCL Division Four"]
[Site "Daventry, ENG"]
[Date "2022.11.05"]
[Round "1.53"]
[White "Sanfey, Gregor"]
[Black "Calcina, Julio C"]
[Result "0-1"]
[WhiteElo "1767"]
[BlackElo "1554"]
[PlyCount "94"]
[EventDate "2022.11.05"]
[WhiteTeam "Barnet Knights C"]
[BlackTeam "Average Wood Pushers B"]

1. Nf3 Nf6 2. g3 d5 3. Bg2 Bf5 4. d4 e6 5. O-O Be7 6. c4 c6 7. Qb3 Qc8 8. Nc3
Nbd7 9. Bf4 O-O 10. Rac1 h6 11. cxd5 exd5 12. Ne5 Nb6 13. a4 Nfd7 14. Nxd5 Nxd5
15. Bxd5 Nxe5 16. Bxe5 Qd7 17. Bg2 Be6 18. d5 Bxd5 19. Bxd5 cxd5 20. Rc7 Qe6
21. Qxb7 Rfb8 22. Rxe7 Rxb7 23. Rxe6 fxe6 24. Rc1 Rd8 25. e3 Rdd7 26. a5 Rb5
27. Rc8+ Kf7 28. Bc3 Kg6 29. b4 Rbb7 30. Rc6 Rbc7 31. Rxc7 Rxc7 32. Bd4 a6 33.
g4 h5 34. gxh5+ Kxh5 35. Kg2 g5 36. Kg3 Kg6 37. f4 Kf5 38. fxg5 Kxg5 39. h4+
Kf5 40. Bc5 e5 41. Kf3 Rh7 42. Kg3 Rg7+ 43. Kf3 Rg4 44. Be7 d4 45. exd4 exd4
46. h5 d3 47. Ke3 Re4+ 0-1

[Event "4NCL Division Four"]
[Site "Daventry, ENG"]
[Date "2022.11.05"]
[Round "1.54"]
[White "Burgess, Dan"]
[Black "Bloom, Paul"]
[Result "0-1"]
[WhiteElo "1542"]
[BlackElo "1737"]
[PlyCount "84"]
[EventDate "2022.11.05"]
[WhiteTeam "Average Wood Pushers B"]
[BlackTeam "Barnet Knights C"]

1. d4 Nf6 2. Bf4 d6 3. Nf3 g6 4. Nc3 Bg7 5. Qd2 h6 6. e4 Nc6 7. Bc4 Na5 8. Be2
Nc6 9. h3 e6 10. O-O g5 11. Be3 Qe7 12. Bb5 Bd7 13. Rfe1 g4 14. hxg4 Nxg4 15.
Bf4 O-O-O 16. d5 Nce5 17. Bxd7+ Qxd7 18. Qe2 Nxf3+ 19. Qxf3 Ne5 20. Qe2 Rdg8
21. Qe3 Kb8 22. a4 Ng4 23. Qe2 Bd4 24. Nd1 e5 25. Bg3 a6 26. Ra3 h5 27. Bh4 f6
28. b4 Rg6 29. g3 Rhg8 30. Kg2 f5 31. f3 Nf6 32. b5 a5 33. c3 Bc5 34. Rb3 f4
35. Nf2 Rxg3+ 36. Bxg3 Rxg3+ 37. Kf1 Bxf2 38. Kxf2 Qh3 39. Rg1 Qh2+ 40. Ke1
Rxg1+ 41. Kd2 Rg2 42. Qxg2 Qxg2+ 0-1

[Event "4NCL Division Four"]
[Site "Daventry, ENG"]
[Date "2022.11.05"]
[Round "1.55"]
[White "Page, Thomas"]
[Black "Popova, Svetlana"]
[Result "1-0"]
[WhiteElo "1677"]
[BlackElo "1257"]
[PlyCount "55"]
[EventDate "2022.11.05"]
[WhiteTeam "Barnet Knights C"]
[BlackTeam "Average Wood Pushers B"]

1. e4 e5 2. Nf3 Nc6 3. Bc4 Bc5 4. O-O Nge7 5. c3 O-O 6. d4 d5 7. exd5 Bb6 8.
dxc6 Nxc6 9. Nxe5 Be6 10. Nxc6 Qd6 11. Bxe6 Qxc6 12. Bb3 Qe8 13. Re1 Qd7 14.
Bg5 h6 15. Re7 Qd6 16. Qh5 Rae8 17. Bxf7+ Kh8 18. Rxe8 Rxe8 19. Bxe8 c5 20.
dxc5 Bxc5 21. Nd2 Qe5 22. Nf3 Qe2 23. Nd4 Qxb2 24. Rd1 Bd6 25. Nf5 Be5 26. Bf7
Bxc3 27. Rd8+ Kh7 28. Bg6# 1-0

[Event "4NCL Division Four"]
[Site "Daventry, ENG"]
[Date "2022.11.05"]
[Round "1.56"]
[White "Abbas, Rana"]
[Black "Banerjee, Supratit"]
[Result "0-1"]
[WhiteElo "1061"]
[BlackElo "1683"]
[PlyCount "44"]
[EventDate "2022.11.05"]
[WhiteTeam "Average Wood Pushers B"]
[BlackTeam "Barnet Knights C"]

1. e4 e6 2. e5 Nc6 3. Nf3 d6 4. Qe2 Bd7 5. Nc3 Nh6 6. h3 Nf5 7. Qe4 d5 8. Qf4
Be7 9. Bd3 g5 10. Qa4 Nxe5 11. Bb5 Nxf3+ 12. gxf3 c6 13. Bd3 b5 14. Qb3 Nd4 15.
Nxd5 Nxb3 16. Nxe7 Nxa1 17. Nxc6 Bxc6 18. Be4 Bxe4 19. fxe4 Nxc2+ 20. Kd1 Qd3
21. Rg1 Nd4 22. Rxg5 Qe2# 0-1

[Event "4NCL Division Four"]
[Site "Daventry, ENG"]
[Date "2022.11.05"]
[Round "1.61"]
[White "Horwood, Alexander"]
[Black "Wilson, Edgar"]
[Result "0-1"]
[WhiteElo "1170"]
[BlackElo "1862"]
[PlyCount "96"]
[EventDate "2022.11.05"]
[WhiteTeam "Cambridge University Y2"]
[BlackTeam "Oxford 3"]

1. Nf3 d5 2. d4 Nf6 3. Bg5 e6 4. c4 Be7 5. e3 h6 6. Bh4 O-O 7. Nc3 b6 8. cxd5
Nxd5 9. Bxe7 Qxe7 10. Nxd5 exd5 11. Bd3 Bb7 12. O-O c5 13. Rc1 Nd7 14. Re1 c4
15. Bb1 b5 16. Qc2 g6 17. Nd2 f5 18. Nf3 Kh8 19. Nd2 b4 20. Nf3 a5 21. Qd1 a4
22. Nd2 Rfc8 23. b3 axb3 24. axb3 c3 25. Nf1 Ra3 26. Bc2 Rca8 27. Ng3 Ra2 28.
Nf1 Nf6 29. Ng3 Bc8 30. f3 Bb7 31. Nf1 Bc6 32. Ng3 Rb2 33. Nf1 Raa2 34. Ng3 Qa7
35. Nf1 Bb5 36. Ng3 Kg7 37. Nh1 Qa3 38. Nf2 Qa6 39. Kh1 Kf7 40. Kg1 Qb6 41. Nh3
Ba4 42. Nf4 Rxc2 43. bxa4 Rd2 44. Qb3 Rab2 45. Nxd5 Rxg2+ 46. Kh1 Rxh2+ 47. Kg1
Rbg2+ 48. Kf1 Qa6+ 0-1

[Event "4NCL Division Four"]
[Site "Daventry, ENG"]
[Date "2022.11.05"]
[Round "1.62"]
[White "Wedge, David C"]
[Black "Evans, Joseph"]
[Result "1-0"]
[WhiteElo "1930"]
[BlackElo "1168"]
[PlyCount "65"]
[EventDate "2022.11.05"]
[WhiteTeam "Oxford 3"]
[BlackTeam "Cambridge University Y2"]

1. e4 c5 2. Nc3 Nf6 3. d3 g6 4. g3 Bg7 5. Bg2 Nc6 6. f4 d6 7. Nge2 Bd7 8. O-O
Qc8 9. Kh1 Bh3 10. Be3 Bxg2+ 11. Kxg2 Ng4 12. Bg1 e5 13. f5 h5 14. Nd5 Ne7 15.
h3 Nf6 16. Nxf6+ Bxf6 17. fxg6 Qe6 18. gxf7+ Kxf7 19. Be3 Rhg8 20. Qd2 Rad8 21.
Bg5 Rg6 22. Rxf6+ Rxf6 23. Bxf6 Ke8 24. Qg5 Kd7 25. Bxe7 Rg8 26. Qf6 Qxe7 27.
Qxe7+ Kxe7 28. Rf1 Ke6 29. c4 Rd8 30. Nc3 Kd7 31. Rf5 Kc6 32. Rxh5 Rf8 33. Rf5
1-0

[Event "4NCL Division Four"]
[Site "Daventry, ENG"]
[Date "2022.11.05"]
[Round "1.63"]
[White "Santosh Kumar, Darsh"]
[Black "Gurner, Jem"]
[Result "0-1"]
[WhiteElo "944"]
[BlackElo "1840"]
[PlyCount "102"]
[EventDate "2022.11.05"]
[WhiteTeam "Cambridge University Y2"]
[BlackTeam "Oxford 3"]

1. e4 g6 2. d4 Bg7 3. Nf3 d6 4. h3 Nf6 5. Nc3 O-O 6. Be3 a6 7. Qd2 b5 8. a3 Bb7
9. Bd3 Nbd7 10. O-O c5 11. d5 Rc8 12. Rad1 Qc7 13. Rfe1 Rfd8 14. Be2 b4 15. Na2
bxa3 16. bxa3 Nxe4 17. Qd3 Nef6 18. Qb3 c4 19. Qb1 Nxd5 20. Qc1 Nxe3 21. Qxe3
Ne5 22. Nb4 a5 23. Nd5 Bxd5 24. Rxd5 e6 25. Rdd1 Nxf3+ 26. Bxf3 d5 27. Qc1 Qc5
28. c3 Rb8 29. Re2 Rb3 30. Re3 Qxa3 31. Qxa3 Rxa3 32. Rc1 Bh6 33. Rce1 Bxe3 34.
Rxe3 d4 35. cxd4 Rxe3 36. fxe3 c3 37. Bd1 e5 38. Bc2 exd4 39. exd4 Rxd4 40. Kh2
Rd2 41. Bb1 c2 42. Bxc2 Rxc2 43. Kg3 a4 44. Kf3 a3 45. Ke3 a2 46. Kd3 Rc1 47.
Kd2 a1=Q 48. Ke2 Rc2+ 49. Ke3 Qa3+ 50. Ke4 Rc4+ 51. Kd5 Qc5# 0-1

[Event "4NCL Division Four"]
[Site "Daventry, ENG"]
[Date "2022.11.05"]
[Round "1.64"]
[White "Neatherway, A Philip"]
[Black "Kumar, Achintya"]
[Result "1-0"]
[WhiteElo "1823"]
[BlackElo "1034"]
[PlyCount "51"]
[EventDate "2022.11.05"]
[WhiteTeam "Oxford 3"]
[BlackTeam "Cambridge University Y2"]

1. e4 e5 2. Nf3 Nc6 3. Bb5 Nf6 4. Nc3 Bc5 5. d3 Nd4 6. Ba4 Nxf3+ 7. Qxf3 O-O 8.
Bg5 h6 9. Bh4 Be7 10. O-O-O d6 11. h3 a6 12. Bb3 Be6 13. Bxe6 fxe6 14. Qe2 b5
15. Bxf6 Bxf6 16. Qg4 Qe8 17. h4 a5 18. Qh3 b4 19. Ne2 Qa4 20. Qxe6+ Kh8 21. g4
Rae8 22. Qc4 c5 23. g5 Bd8 24. Rdf1 Rf3 25. Ng3 b3 26. Qxa4 1-0

[Event "4NCL Division Four"]
[Site "Daventry, ENG"]
[Date "2022.11.05"]
[Round "1.65"]
[White "Anil, Eshaan"]
[Black "Staples, Neil"]
[Result "0-1"]
[WhiteElo "1000"]
[BlackElo "1786"]
[PlyCount "66"]
[EventDate "2022.11.05"]
[WhiteTeam "Cambridge University Y2"]
[BlackTeam "Oxford 3"]

1. e4 b6 2. Nf3 Bb7 3. Bd3 d6 4. Nc3 Nd7 5. O-O g6 6. h3 Bg7 7. Re1 e6 8. Bc4
Ne7 9. b3 h6 10. d3 Bxc3 11. Bd2 Bg7 12. Rb1 a6 13. Be3 b5 14. Bf4 bxc4 15.
bxc4 Rb8 16. d4 g5 17. Bg3 Ng6 18. d5 e5 19. Qd3 Nc5 20. Qe3 Ba8 21. Rbc1 Rb6
22. Qc3 O-O 23. Qa5 Bb7 24. h4 gxh4 25. Bh2 Bc8 26. c3 Nd3 27. Qa3 Bg4 28. Re3
Nxc1 29. Qxc1 Bxf3 30. Rxf3 Qg5 31. Qd1 Rfb8 32. Bf4 Nxf4 33. Kh2 Qxg2# 0-1

[Event "4NCL Division Four"]
[Site "Daventry, ENG"]
[Date "2022.11.05"]
[Round "1.66"]
[White "Stephens, Graeme"]
[Black "Wang, Luoling"]
[Result "1-0"]
[WhiteElo "1760"]
[BlackElo "500"]
[PlyCount "45"]
[EventDate "2022.11.05"]
[WhiteTeam "Oxford 3"]
[BlackTeam "Cambridge University Y2"]

1. d4 d5 2. c4 c5 3. cxd5 cxd4 4. Qxd4 f6 5. e4 e5 6. Qd1 Bb4+ 7. Nc3 Ne7 8.
Qa4+ Nd7 9. Qxb4 O-O 10. Nf3 Nb6 11. Be2 Nexd5 12. Nxd5 Nxd5 13. exd5 Qxd5 14.
Bc4 Qf7 15. Bxf7+ Rxf7 16. O-O f5 17. Rd1 Rf8 18. Nxe5 b6 19. Qc4+ Be6 20.
Qxe6+ Rf7 21. Nxf7 Kf8 22. Nd8 g6 23. Qf7# 1-0

[Event "4NCL Division Four"]
[Site "Daventry, ENG"]
[Date "2022.11.05"]
[Round "1.71"]
[White "Rosenbach, Martin"]
[Black "Pink, Joshua"]
[Result "1-0"]
[WhiteElo "1919"]
[BlackElo "1938"]
[PlyCount "71"]
[EventDate "2022.11.05"]
[WhiteTeam "Iceni 2"]
[BlackTeam "Coventry"]

1. c4 Nf6 2. g3 e6 3. Bg2 d5 4. Nf3 c5 5. O-O d4 6. d3 Nc6 7. Na3 Bd6 8. Bd2
O-O 9. Nc2 e5 10. a3 a5 11. b4 axb4 12. axb4 Rxa1 13. Qxa1 cxb4 14. Rb1 Qe7 15.
Qb2 Nd7 16. Nxb4 Nxb4 17. Bxb4 Nc5 18. Qa3 Bg4 19. h3 Bh5 20. Kf1 f5 21. Nxe5
Qxe5 22. Bd5+ Kh8 23. Bxc5 Qxe2+ 24. Kg2 Bxc5 25. Qxc5 Rd8 26. Qxd4 Qe7 27. Qe3
Qf6 28. Rxb7 Re8 29. Qb6 Qe5 30. Qc7 h6 31. Qxe5 Rxe5 32. Bf3 Be8 33. d4 Re1
34. c5 Rc1 35. Rb8 Kh7 36. Rxe8 1-0

[Event "4NCL Division Four"]
[Site "Daventry, ENG"]
[Date "2022.11.05"]
[Round "1.72"]
[White "Ward, Andrew"]
[Black "Wilks, Simon"]
[Result "0-1"]
[WhiteElo "1841"]
[BlackElo "1924"]
[PlyCount "150"]
[EventDate "2022.11.05"]
[WhiteTeam "Coventry"]
[BlackTeam "Iceni 2"]

1. c4 Nf6 2. Nc3 c5 3. g3 Nc6 4. Bg2 g6 5. e4 Bg7 6. Nge2 d6 7. O-O O-O 8. d3
Rb8 9. h3 a6 10. a4 Nb4 11. Be3 Bd7 12. Qd2 Qc8 13. Kh2 b5 14. cxb5 axb5 15. a5
Bc6 16. d4 Na6 17. d5 Be8 18. f4 b4 19. Na4 Bb5 20. Nb6 Qc7 21. Rf2 Nd7 22.
Nxd7 Bxd7 23. f5 Rb5 24. Bh6 Rxa5 25. Raf1 Bb5 26. Bxg7 Kxg7 27. b3 Bxe2 28.
Qxe2 Ra3 29. f6+ exf6 30. Rxf6 Qe7 31. Qb2 Kg8 32. Qe2 Nb8 33. Qb2 Nd7 34. R6f3
Ne5 35. Re3 Rfa8 36. Qf2 Kg7 37. Qf4 Ra2 38. Rf2 Rxf2 39. Qxf2 Ra3 40. Bf1 Qa7
41. g4 Ra2 42. Be2 Rb2 43. Kg3 f6 44. Qf4 Qe7 45. Ba6 Nf7 46. h4 Qe5 47. Qxe5
Nxe5 48. Bb5 Rb1 49. Be2 Ra1 50. Kg2 Ra3 51. Kf2 Kf7 52. Rg3 Ke7 53. g5 Ra1 54.
Bf1 Rc1 55. Bg2 Rc2+ 56. Ke1 Rb2 57. Bf1 Rh2 58. Bh3 Nf7 59. gxf6+ Kxf6 60.
Rf3+ Ke7 61. Kf1 Ne5 62. Rg3 Kf6 63. Kg1 Rc2 64. Re3 Rc3 65. Kf2 Rxe3 66. Kxe3
h6 67. Be6 g5 68. hxg5+ hxg5 69. Bh3 g4 70. Bf1 Kg5 71. Be2 g3 72. Bf1 Kg4 73.
Bg2 Ng6 74. Kd2 Kf4 75. Kd3 Nh4 0-1

[Event "4NCL Division Four"]
[Site "Daventry, ENG"]
[Date "2022.11.05"]
[Round "1.73"]
[White "Downham, Alan F"]
[Black "Graff, Ben"]
[Result "1/2-1/2"]
[WhiteElo "1905"]
[BlackElo "1805"]
[PlyCount "50"]
[EventDate "2022.11.05"]
[WhiteTeam "Iceni 2"]
[BlackTeam "Coventry"]

{[%evp 0,50,19,-12,37,33,40,-15,73,43,62,38,37,-35,-31,-27,-27,2,-1,-61,-26,
-37,-14,-14,-6,-15,3,-21,-23,-75,-67,-100,-50,-52,-35,-47,-34,-40,-42,-54,-54,
-54,-49,-23,10,-2,-14,0,23,7,114,77,91]} 1. c4 f5 2. Nc3 Nf6 3. g3 g6 4. Bg2
Bg7 5. d3 d6 6. e4 Nc6 7. Nge2 O-O 8. O-O e5 9. h3 Kh8 10. Be3 fxe4 11. dxe4
Be6 12. Nd5 Ne7 13. Nxf6 Bxf6 14. Qd2 Bxc4 15. f4 Bxe2 16. Qxe2 exf4 17. gxf4
Bg7 18. Rad1 Qc8 19. h4 Qe6 20. b3 Rae8 21. h5 gxh5 22. Qxh5 Qg6 23. Qh3 Bf6
24. f5 Qg7 25. Bh6 Qf7 1/2-1/2

[Event "4NCL Division Four"]
[Site "Daventry, ENG"]
[Date "2022.11.05"]
[Round "1.74"]
[White "Stamper, Tom"]
[Black "Gaffney, Samuel"]
[Result "0-1"]
[WhiteElo "1774"]
[BlackElo "1833"]
[PlyCount "72"]
[EventDate "2022.11.05"]
[WhiteTeam "Coventry"]
[BlackTeam "Iceni 2"]

1. d4 Nf6 2. c4 e6 3. Nf3 b6 4. g3 Ba6 5. Qc2 Be7 6. Bg2 Bb7 7. Qd1 O-O 8. O-O
d5 9. cxd5 Bxd5 10. Nc3 Bb7 11. Qc2 c5 12. dxc5 Bxc5 13. Bg5 h6 14. Bxf6 Qxf6
15. Ne4 Bxe4 16. Qxe4 Nd7 17. b4 Be7 18. Rfd1 Rfd8 19. Rac1 Nf8 20. Ne5 Rxd1+
21. Rxd1 Rd8 22. Rd3 Rxd3 23. exd3 Bxb4 24. Nc6 Qa1+ 25. Bf1 Bd6 26. a4 a5 27.
Qd4 Qxd4 28. Nxd4 Bc5 29. Nb3 Nd7 30. Bg2 Bb4 31. Bc6 Nf6 32. Kf1 Kf8 33. Ke2
Ke7 34. h3 Kd6 35. Bf3 Nd5 36. Bxd5 Kxd5 0-1

[Event "4NCL Division Four"]
[Site "Daventry, ENG"]
[Date "2022.11.05"]
[Round "1.75"]
[White "Feavyour, John A"]
[Black "Manickam, Saravanna Bava"]
[Result "1-0"]
[WhiteElo "1855"]
[BlackElo "1760"]
[PlyCount "55"]
[EventDate "2022.11.05"]
[WhiteTeam "Iceni 2"]
[BlackTeam "Coventry"]

1. d4 Nf6 2. c4 e6 3. Nc3 b6 4. e4 Bb4 5. Bd3 Bb7 6. Qe2 O-O 7. Bd2 d5 8. cxd5
exd5 9. e5 Bxc3 10. bxc3 Ne4 11. Nf3 c5 12. O-O Nxd2 13. Nxd2 Qh4 14. f4 Nc6
15. g3 Qh3 16. Nf3 h6 17. Nh4 Bc8 18. Qe3 c4 19. Bc2 g6 20. Qf3 Ne7 21. Ng2 Bg4
22. Qf2 Nf5 23. Ne3 Rfd8 24. Nxg4 Qxg4 25. Bd1 Qh3 26. Bf3 Ne7 27. Qe2 h5 28.
Rfe1 1-0

[Event "4NCL Division Four"]
[Site "Daventry, ENG"]
[Date "2022.11.05"]
[Round "1.76"]
[White "Woolgar, Steven G"]
[Black "Lovell, Steve"]
[Result "0-1"]
[WhiteElo "1624"]
[BlackElo "1786"]
[PlyCount "66"]
[EventDate "2022.11.05"]
[WhiteTeam "Coventry"]
[BlackTeam "Iceni 2"]

1. c4 e5 2. Nc3 d6 3. g3 Be7 4. Bg2 f5 5. d3 Nf6 6. Bg5 c6 7. Nf3 O-O 8. O-O h6
9. Bxf6 Bxf6 10. Rb1 Qe8 11. e4 Qg6 12. exf5 Bxf5 13. Ne1 Nd7 14. Ne4 Be7 15.
b4 Qe6 16. Qb3 Rab8 17. Nc2 Nb6 18. Ne3 Bg6 19. Nd2 Nd7 20. a4 a5 21. Ne4 axb4
22. Qxb4 d5 23. cxd5 cxd5 24. Nc5 Bxc5 25. Bxd5 Qxd5 26. Nxd5 Bxb4 27. Nxb4 Nc5
28. Ra1 Nxd3 29. Nxd3 Bxd3 30. Rfd1 e4 31. Ra3 Rbc8 32. Ra2 Rc2 33. Rxc2 Bxc2
0-1